• 首页
  • 本馆介绍
  • 公告通知
  • 最新文献
  • 馆藏检索
  • 电子资源
  • 读者导购
  • 参考咨询
  • 我的图书馆
  • 登录
  • 详细信息显示
  • 放入我的书架
  • 预约/预借图书
  • 作者相关作品
  • 分类相关作品
  • 丛书相关作品
  • 出版社相关作品

书目信息

  • 表格格式
  • 工作单格式
  • 卡片格式
题名:
电子产品制作技术与技能实训
    
 
作者: 孙余凯 , 吴鸣山 , 项绮明 编著
分册:  
出版信息: 北京   电子工业出版社  2012.04
页数: 14,257页
开本: 26cm
丛书名: 电子技术与技能实训丛书
单 册:
中图分类: TN05
科图分类:
主题词: 电子工业--产品--生产工艺--技术教育--教材 , 电子工业 , 产品
电子资源:
ISBN: 978-7-121-16561-0
000 01124nam0 2200301 450
001 003199741
005 20170418141936.81
010    @a978-7-121-16561-0@dCNY38.00
100    @a20120703d2012 em y0chiy0110 ea
101 0  @achi
102    @aCN@b110000
105    @aa z 000yy
106    @ar
200 1  @a电子产品制作技术与技能实训@9dian zi chan pin zhi zuo ji shu yu ji neng shi xun@f孙余凯,吴鸣山,项绮明等编著
205    @a修订版
210    @a北京@c电子工业出版社@d2012.04
215    @a14,257页@c图@d26cm
225 1  @a电子技术与技能实训丛书
330    @a本书以介绍电子产品制作基础知识为切入点,介绍电子产品制作的电路分析方法和目标确定,电子产品制作的的准备工作,电子产品制作的基本技能,电子产品印制电路板制作技术与焊接技能,电子产品组装与调试的步骤和方法,以及电子产品的质量管理。
606 0  @a电子工业@x产品@x生产工艺@x技术教育@j教材
606 0  @a电子工业
606 0  @a产品
690    @aTN05@v5
701  0 @a孙余凯@9sun yu kai@4编著
701  0 @a吴鸣山@9wu ming shan@c(电子技术)@4编著
701  0 @a项绮明@9xiang qi ming@4编著
801  0 @aCN@bNLC@c20120720
905    @b983938-41@dTN05@e128=2@f4
    
    电子产品制作技术与技能实训/孙余凯,吴鸣山,项绮明等编著.-修订版.-北京:电子工业出版社,2012.04
    14,257页:图;26cm.-(电子技术与技能实训丛书)
    
    
    ISBN 978-7-121-16561-0:CNY38.00
    本书以介绍电子产品制作基础知识为切入点,介绍电子产品制作的电路分析方法和目标确定,电子产品制作的的准备工作,电子产品制作的基本技能,电子产品印制电路板制作技术与焊接技能,电子产品组装与调试的步骤和方法,以及电子产品的质量管理。
●
相关链接 在E读中查询图书 在五车中查询图书 在当当中查询图书 在豆瓣中查询图书


正题名:电子产品制作技术与技能实训     索取号:TN05/128=2         预约/预借

序号 登录号 条形码 馆藏地/架位号 状态 备注
1 983938   209839380   第二样本阅览室/ [索取号:TN05/128=2] 在馆    
2 983939   209839399   第三借阅区/ [索取号:TN05/128=2] 在馆    
3 983940   209839406   第三借阅区/ [索取号:TN05/128=2] 在馆    
4 983941   209839415   密集书库-文学院/ [索取号:TN05/128=2] 在馆    
唐山师范学院图书馆 欢迎您!
大连网信软件有限公司© 版权所有